Największe państwa Afryki według kategorii - Statystyki

Ogólne statystyki
  • Ten quiz został rozwiązany 117 razy
  • Średni wynik to 5 z 10
Statystyki odpowiedzi
Najwieksze panstwo ktore... Kraj % Poprawnych
zaczyna się na "G" Gwinea
89%
należy do Ligii Państw Arabskich Algieria
84%
ma w nazwie "Republika" Republika Południowej Afryki
80%
Jest śródlądowe Czad
78%
ma dostęp do Zatoki Gwinejskiej Nigeria
58%
sasiaduje z Wybrzezem Kosci sloniowej Mali
49%
był kolonią Angieklską Sudan
46%
NIE został wykryty koronavirus i graniczy z DRK (na 18.03.2020) Angola
35%
mniejsze od Polski Burkina Faso
14%
uznaje niepodlełość Tajwanu Eswatini
3%
Nie znaleziono quizów pasujących do podanych kryteriów
Rozkład punktacji
Procent ludzi z każdym wynikiem
Percentyl według liczby udzielonych odpowiedzi
Twoja historia wyników
Nie rozwiązałeś tego quizu